Dictionnaire de la civilisation egyptienne :

محفوظ في:

المؤلف الرئيسي: Posener, Georges.

التنسيق: كتاب

اللغة: Undetermined

منشور في: Paris : F. Hazan, 1959.

الموضوعات:

الوسوم: إضافة وسم

لا توجد وسوم, كن أول من يضع وسما على هذه التسجيلة!

رقم الطلب: (Ref.) DT58 .P65

LEADER 00598nam a2200157Ia 4500
008 220712s9999||||xx |||||||||||||| ||und||
050 4 |a (Ref.) DT58 .P65 
100 1 |a Posener, Georges. 
245 1 0 |a Dictionnaire de la civilisation egyptienne : 
264 1 |a Paris :  |b F. Hazan,  |c 1959. 
300 |a 323p. :  |b illus. (part col.) maps (part col.) ;  |c 22cm. 
555 4 |o (Ref.) DT58 .P65 
650 |a Egypt History Ancient To 640. 
650 4 |a Egyptology Dictionaries. 
952 |0 0  |1 0  |2 lcc  |4 0  |7 1  |9 41819  |a ARCE  |b ARCE  |d 2022-07-21  |l 0  |o (Ref.) DT58 .P65  |p 1037004  |r 2022-07-21 00:00:00  |w 2022-07-21  |y BK 
999 |c 48798  |d 48798